Латерна магика (Запис номер 323539)
[ съкратено ]
| 000 -Лидер | |
|---|---|
| Контролно поле с фиксирана дължина | 01486aam a2200349 a 4500 |
| 003 - Код на организацията, давaща контролен номер | |
| Контролно поле | BLK |
| 005 - Дата и час на последна редакция | |
| Контролно поле | 20250128141606.0 |
| 008 - Елементи от данни с фиксирана дължина | |
| fixed length control field | 180718b bul||||| |||| 00| 0 bul d |
| 020 ## - Международен стандартен номер на книга ISBN | |
| Международен стандартен номер на книга ISBN | 9786190202707 |
| 040 ## - Източник на каталожния запис | |
| Идентификатор на билиотеката - собственик на записа | BLK |
| 041 ## - Код за език | |
| Код за езика на текст/звукозапис или на отделно заглавие | Български |
| Код за езика КДБФ | Български |
| 072 ## - Код за тематичната категория | |
| 9 (RLIN) | 178333 |
| Код за тематична категория | Т0605 |
| Текст | Кино. Стилове и направления. Кино дейци |
| 080 ## - УДК | |
| Текстов определител УДК | Кинорежисьори |
| УДК код - определител по УДК | 791.44.071.1 |
| УДК - код + определител | 791.44.071.1(485)(092)(093.3) |
| 080 ## - УДК | |
| Текстов определител УДК | Шведски театрален и филмов режисьор, сценарист и продуцент |
| УДК код - определител по УДК | 929 Бергман, Ингмар |
| 100 ## - Редна дума - Автор | |
| Автор | Бергман, Ингмар |
| Авторска отговорност | първи автор |
| R(LIN) | 1299 |
| 139 ## - Редно поле | |
| Редна дума | Бергман, Ингмар |
| Авторски знак | Бер - Б 38 |
| 245 ## - Сведения за заглавието | |
| Заглавие | Латерна магика |
| Подзаглавни данни | Автобиография |
| 257 ## - Страна на издаване | |
| Страна на създаване/издаване | Швеция |
| 260 ## - Област на издателските данни | |
| Име на издателя, разпространителя и проч. | Колибри |
| Година на издаване | 2018 |
| Място на издаване, разпространение и проч. | София |
| 300 ## - Физическа характеристика | |
| Страници | 400 с. |
| Размери/Мащаб | 20 см |
| 380 ## - Жанр | |
| Жанр | Изкуство |
| 500 ## - Общи забележки | |
| Забележка | Ориг. загл. Laterna magica / Ingmar Bergman ; Филмогр. с. 374-393 ; Показалец на по-важните имена и загл. |
| 600 #0 - Име на лице, използвано като предмет | |
| 9 (RLIN) | 363951 |
| За него / За нея | Бергман, Ингмар |
| 650 #0 - Допълнително описание по предмет – тема | |
| 9 (RLIN) | 251461 |
| Основно описание – тема или топоним | Кинорежисьори, шведски |
| 700 ## - Други автори (авторска отговорност) | |
| 9 (RLIN) | 377629 |
| Лично име | Ганчева, Васа Лалева |
| Автороска отговорност (Описва отношението между автора и произведението) | прев. от швед. |
| 852 ## - Местоположение | |
| Форматна сигнатура | Цб 294629 |
| 999 ## - СИСТЕМНИ КОНТРОЛНИ НОМЕРА | |
| Koha biblionumber | 323539 |
| Koha biblioitemnumber | 323539 |
| 942 ## - АРТИКУЛИ | |
| Вид на библиотечния материал | Книги |
| Източник на класификационната схема | Universal Decimal Classification |
| Скрит в OPAC | Не |
| Koha issues (borrowed), all copies | 18 |
| 944 ## - СЪЗДАВАНЕ И РЕДАКЦИЯ на ЗАПИСА | |
| Създаване/Редакция | Редакция |
| Дата на регистрацията/редакция | 2019-05-08 |
| Служител, извършил регистрацията/редакцията | 30531 |
| Статус, дата на статуса | Цветелина Шанова |
| 999 ## - СИСТЕМНИ КОНТРОЛНИ НОМЕРА | |
| Koha biblioitemnumber | 323539 |
| 999 ## - СИСТЕМНИ КОНТРОЛНИ НОМЕРА | |
| Koha biblioitemnumber | 323539 |
| 999 ## - СИСТЕМНИ КОНТРОЛНИ НОМЕРА | |
| Koha biblioitemnumber | 323539 |
| Код за отписване | Код за изгубен артикул | Източник на класификационната схема | Код за повреда | Коз за рестрикции | Код за отдаване | Артикулен № | Име на библиотеката - собственик | Име на библиотеката, в която се намира в момента | Статус (Текущо местоположение) | Дата на вписване в системата | Местоположение - отдел | Цена в лева | Инвентарен номер | Систематично азбучна сигнатура | Баркод | Цена в евро | Служебен тип на артикула |
|---|---|---|---|---|---|---|---|---|---|---|---|---|---|---|---|---|---|
| Не е изгубен | Universal Decimal Classification | Не е повреден | без рестрикции | заемане за дома | 678421 | Регионална библиотека "Любен Каравелов" Русе | Регионална библиотека "Любен Каравелов" Русе | Заемна - подръчен фонд | 2018-07-18 | Заемна - подръчен фонд | 15.00 | 120000822038 | П 839-94/Б 38 | 120000822038 | 7.67 | Книги | |
| Не е изгубен | Universal Decimal Classification | Не е повреден | без рестрикции | ползва се в читалня | 706121 | Регионална библиотека "Любен Каравелов" Русе | Регионална библиотека "Любен Каравелов" Русе | Хранилище | 2019-05-10 | Хранилище | 20.00 | Цб 294629 | 120000831635 | 10.23 | Книги | ||
| Не е изгубен | Universal Decimal Classification | Не е повреден | без рестрикции | заемане за дома | 750359 | Регионална библиотека "Любен Каравелов" Русе | Регионална библиотека "Любен Каравелов" Русе | Заемна - подръчен фонд | 2019-12-03 | Заемна - подръчен фонд | 14.00 | П 839-94/Б 38 | 120000838728 | 7.16 | Книги |